[Event "12th Norway Chess Women"]
[Site "Stavanger NOR"]
[Date "2024.06.07"]
[Round "10.2"]
[White "Muzychuk,A"]
[Black "Koneru,H"]
[Result "1/2-1/2"]
[WhiteElo "2505"]
[BlackElo "2545"]

1.e4 e5 2.Nf3 Nc6 3.Bb5 a6 4.Ba4 d6 5.O-O b5 6.Bb3 Na5 7.d4 exd4 8.Nxd4 Bb7
9.Bd2 Nxb3 10.Nxb3 Nf6 11.Na5 Qc8 12.Nxb7 Qxb7 13.Qf3 Be7 14.Nc3 O-O 15.Rfe1 Rfe8
16.Rad1 Rad8 17.h3 h6 18.Nd5 Nxd5 19.exd5 Bf6 20.c3 Be5 21.Re2 Re7 22.Rde1 Rde8
23.Qd3 c6 24.f4 Bf6 25.Rxe7 Rxe7 26.Rxe7 Bxe7 27.dxc6 Qxc6 28.Be3 Bf6 29.Kf2 Bh4+
30.Kf1 Bf6 31.Kf2 Bh4+  1/2-1/2

[Event "12th Norway Chess 2024"]
[Site "Stavanger NOR"]
[Date "2024.06.07"]
[Round "10.3"]
[White "Ding Liren"]
[Black "Firouzja,Alireza"]
[Result "1/2-1/2"]
[WhiteElo "2762"]
[BlackElo "2737"]

1.d4 Nf6 2.c4 e6 3.Nf3 d5 4.g3 dxc4 5.Bg2 c5 6.O-O Nc6 7.dxc5 Qxd1 8.Rxd1 Bxc5
9.Nbd2 c3 10.bxc3 O-O 11.Nb3 Be7 12.Nfd4 Nxd4 13.cxd4 Nd5 14.Bd2 f5 15.Na5 b6
16.Nc6 Bf6 17.e3 Bb7 18.Nb4 Rfd8 19.a4 Rab8 20.a5 Nxb4 21.Bxb4 Bxg2 22.Kxg2 e5
23.axb6 axb6 24.dxe5 Bxe5 25.Rxd8+ Rxd8 26.Ra6 Rb8 27.h3 Rb7 28.f4 Bb2 29.g4 g6
30.Kf3 Kf7 31.Ra8 Bf6 32.Rf8+ Kg7 33.Rc8 Kf7 34.Rf8+ Kg7 35.Rc8 Kf7  1/2-1/2

[Event "12th Norway Chess Women"]
[Site "Stavanger NOR"]
[Date "2024.06.07"]
[Round "10.1"]
[White "Vaishali,Rameshbabu"]
[Black "Cramling,P"]
[Result "1/2-1/2"]
[WhiteElo "2489"]
[BlackElo "2449"]

1.e4 c5 2.c3 Nf6 3.e5 Nd5 4.Bc4 Nb6 5.Bb3 c4 6.Bc2 Nc6 7.Qe2 d6 8.exd6 Qxd6
9.Na3 Be6 10.Nf3 g6 11.b3 cxb3 12.axb3 Bg7 13.d4 O-O 14.O-O Bg4 15.Rd1 Qd5
16.Be4 Qxb3 17.Rd3 Rad8 18.h3 Bxf3 19.Qxf3 f5 20.Bxc6 bxc6 21.Qxc6 Qd5 22.Qxd5+ Rxd5
23.Nc2 Rd7 24.Nb4 Rc8 25.Bf4 Bf6 26.Kf1 Kf7 27.g4 g5 28.Bd2 Nc4 29.Ra6 Nxd2+
30.Rxd2 Rxc3 31.Nc6 Rxh3 32.gxf5 Rf3 33.Ra5 Rf4 34.Kg2 Rd6 35.Nxa7 Rdxd4
36.Rc2 Rg4+ 37.Kf1 Rd1+ 38.Ke2 Rgg1 39.Nc6 g4 40.Rd2 Rde1+ 41.Kd3 g3 42.fxg3 Rxg3+
43.Kc4 Bc3 44.Nd8+ Kg7 45.Ra3 Re4+ 46.Kd5 Re5+ 47.Kc4 Bxd2 48.Rxg3+ Kf6 49.Ne6 Rxf5
50.Nd4 Rh5 51.Rf3+ Kg6 52.Ne6 Bh6 53.Kd4 Rh4+ 54.Kd5 Rg4 55.Nd4 Bg7 56.Nc6 Bf6
57.Re3 Kf7 58.Rh3 Rg7 59.Nd8+ Kg8 60.Ke6 Rg2 61.Nc6 Re2+ 62.Kf5 Kg7 63.Rg3+ Kf7
64.Rh3 Kg8 65.Rg3+ Kf8 66.Rh3 Rc2 67.Nxe7 Rf2+ 68.Kg4 Kxe7 69.Rxh7+ Ke6 70.Kg3 Rf5
71.Kg4 Rf1 72.Rh5 Be5 73.Rh3 Kd5 74.Rf3 Rh1 75.Kf5 Bd4 76.Rf4 Rg1 77.Rf3 Rg7
78.Rf4 Be5 79.Rf3 Rf7+ 80.Kg4 Rb7 81.Kf5 Rb6 82.Rd3+ Bd4 83.Rf3 Ra6 84.Kf4 Be5+
85.Kf5 Kd4 86.Rh3 Rf6+ 87.Kg5 Ke4 88.Rh4+ Kd5 89.Ra4 Rf7 90.Ra5+ Ke6 91.Ra6+ Bd6
92.Kg4 Rf4+ 93.Kh3 Rf2 94.Kg4 Kd5 95.Ra5+ Bc5 96.Kg5 Kd6 97.Kg4 Bd4 98.Rf5 Rg2+
99.Kf3 Ra2 100.Ke4 Ba1 101.Rf1 Ra4+ 102.Kf5 Bd4 103.Ke4 Ke6 104.Kd3 Be5 105.Rb1 Kf5
106.Rf1+ Ke6 107.Rb1 Rd4+ 108.Ke3 Rh4 109.Rb6+ Kf5 110.Kd3 Rd4+ 111.Kc2 Ke4
112.Rc6 Rb4 113.Kd2 Rb2+ 114.Rc2 Rb1 115.Ke2 Rh1 116.Rc4+ Bd4 117.Rc2 Rg1
118.Rd2 Bc3 119.Rc2 Be5 120.Rc4+ Bd4 121.Rc2 Rh1 122.Kd2 Rf1 123.Ke2 Rg1
124.Kd2 Rh1 125.Ke2 Rh3 126.Kd2 Rd3+ 127.Ke2 Re3+ 128.Kd2 Rh3 129.Ke2 Bc3
130.Kd1 Kd3 131.Rd2+ Kc4 132.Re2 Kb3 133.Re8 Rh1+ 134.Ke2 Re1+ 135.Kd3 Rd1+
136.Ke4 Bb4 137.Rc8 Rd6 138.Ke5 Rd7 139.Ke6 Re7+ 140.Kf6 Re4 141.Kf5 Re2
142.Kf6 Bc3+ 143.Kf7 Kc2 144.Rd8  1/2-1/2

[Event "12th Norway Armageddon"]
[Site "Stavanger NOR"]
[Date "2024.06.07"]
[Round "10.3"]
[White "Ding Liren"]
[Black "Firouzja,Alireza"]
[Result "0-1"]
[WhiteElo "2762"]
[BlackElo "2737"]

1.d4 Nf6 2.Nf3 g6 3.Bf4 Bg7 4.e3 O-O 5.Be2 d6 6.h3 b6 7.O-O Bb7 8.a4 a6 9.c4 Nc6
10.Nc3 a5 11.d5 Nb4 12.e4 Nd7 13.Qd2 Nc5 14.Rad1 e5 15.dxe6 fxe6 16.Bg5 Qe8
17.Bh6 Bxe4 18.Bxg7 Kxg7 19.Nxe4 Nxe4 20.Qd4+ Nf6 21.b3 e5 22.Qe3 Nd7 23.Nh2 Nc5
24.Ng4 Qf7 25.Bf3 Rae8 26.Bd5 Qf4 27.Qc3 h5 28.Ne3 Qf6 29.Rb1 e4  0-1